BIBLIOTHÈQUE DE LA MAISON DU MEXIQUE

Logo 1 Logo 2

Los primeros federalistas de Jalisco (notice nᵒ 10118)

détails MARC
000 -Sello discográfico
campo de control de longitud fija 00965nam a2200301 4500
005 - Identificación de versión
campo de control 20251016084841.0
010 ## - Número Estándar Internacional de Libros (ISBN)
Número (ISBN) 968-832-051-X
035 ## - Otros números de control del sistema
Número de control del sistema 17302
099 ## - fechas locales
Tipo de ítem Koha LIBRO
100 ## - Datos de procesamiento general
Datos de procesamiento general 20031212d1981 m y1spay5003 ba
105 ## - Campo de datos codificados: Material textual, monográfico
Datos codificados de monografía y 001zy
200 1# - Título y mención de responsabilidad
Título propio Los primeros federalistas de Jalisco
Designación general del material texto impreso
Otra información del título 1821-1834
Primer mención de responsabilidad Ramiro Villaseñor y Villaseñor
205 ## - Declaración de edición
Declaración de edición 1a ed
210 ## - Publicación, distribución, etc.
Lugar de publicación, distribución, etc. México
Nombre del editor, distribuidor, etc. Gobierno del Estado de Jalisco
Fecha de publicación, distribución, etc. 1981
215 ## - Descripción física
Designación de material específico y extensión del ítem 129 p
Dimensiones 23 cm
345 ## - Nota de información de adquisición
Fuente de adquisición/dirección de la suscripción [OBSOLETO] Donación
410 #1 - Series
Título Colección Textos Jalisco
Nombre de parte o sección Serie bibliografías y catálogos
Número de volumen 4
606 ## - Término temático usado como materia
Elemento de entrada Gobierno federal
Subdivisión temática Biobibliografía
Subdivisión geográfica Jalisco (México)
Número Koha 16658
660 ## - Código de área geográfica
Código MX
700 ## - Nombre personal - Responsabilidad primaria
Elemento de entrada Villaseñor y Villaseñor
Parte del nombre distinta del elemento de entrada Ramiro
Fechas 1911-1991
Número Koha 13857
801 #0 - Fuente de origen
Agencia cm
900 ## -
-- 1/5460
900 ## -
-- 7100317221\121203
942 ## - ELEMENTOS DE ENTRADA SECUNDARIOS (KOHA)
Tipo de ítem Koha Livre
996 ## -
-- MEX
-- 751145101
-- MMAG
-- 013066
-- 354.72 V762P
-- 20250625LIV
Exemplaires
Estatus retirado Estado de daño Estado de pérdida Fecha de adquisición Biblioteca de origen Biblioteca actual Ubicación en estantería Código de barras Precio de reemplazo Signatura topográfica completa No para préstamo Tipo de ítem Koha Nota pública Nota no pública
      05/08/2025 Casa México Paris Casa México Paris   013066 05/08/2025 354.72 V762P   Livre 20250625LIV 751145101